Vplyv biologických faktorov na kvalitu vody v povodí Dunaja /

Main Author: Hanzlíková, Gabriela
Corporate Author: Výskumný ústav vodného hospodárstva (Bratislava, Slovensko)
Language: Slovak
Published: Bratislava : Alfa, 1975
Series: Informácie Výskumného ústavu vodného hospodárstva, Bratislava
Physical Description: 14 stran, obrazové přílohy : ilustrace
Book
Saved in:
LEADER 01268nam a22003012i 4500
001 000403516
003 CZ BrMZK
005 20170505153615.0
007 ta
008 990305s1975 xo af f slo d
040 |a ABA001  |b cze  |c ABA001  |d ABA001  |d BOA001  |e rda 
080 9 |a 551.482.213/.214:577.472(282.243.7)(049) 
080 |a 577.472:551.482.213/.214(282.243.7)(049) 
100 1 |a Hanzlíková, Gabriela  |7 jx20060824012  |4 aut 
245 1 0 |a Vplyv biologických faktorov na kvalitu vody v povodí Dunaja /  |c Gabriela Hanzlíková 
264 1 |a Bratislava :  |b Alfa,  |c 1975 
300 |a 14 stran, obrazové přílohy :  |b ilustrace 
336 |a text  |b txt  |2 rdacontent 
337 |a bez média  |b n  |2 rdamedia 
338 |a svazek  |b nc  |2 rdacarrier 
490 1 |a Informácie Výskumného ústavu vodného hospodárstva, Bratislava ;  |v čís. 38 
504 |a Obsahuje bibliografie 
550 |a Vydavatel: Výskumný ústav vodného hospodárstva 
710 2 |a Výskumný ústav vodného hospodárstva (Bratislava, Slovensko)  |7 nlk20040147370  |4 isb 
830 0 |a Informácie Výskumného ústavu vodného hospodárstva, Bratislava 
910 |a BOA001  |b X-0748.304 
990 |a BK 
996 7 |b 2619772207  |c X-0748.304  |l MZK  |r Sklad / do 24 hodin  |n 1  |w 000403516  |u 000010  |a 1  |e BOA001  |j MZK50  |s A